[Event "4.Nord-West-Cup"]
[Site "?"]
[Date "2002.??.??"]
[Round "5"]
[White "Pericic, Boris"]
[Black "Hedke, Manfred"]
[Result "1-0"]
[WhiteElo "2021"]
[BlackElo "1800"]
[PlyCount "106"]

1. c4 Nf6 2. Nf3 e6 3. b3 c5 4. Bb2 Nc6 5. e3 Be7 6. Be2 O-O 7. O-O d5 8. d3 d4
9. a3 e5 10. Re1 Qc7 11. Nbd2 dxe3 12. fxe3 Rd8 13. Qc2 Ng4 14. Bf1 f5 15. h3
Nf6 16. Qc3 Nd7 17. Kh1 Bf6 18. Qc2 Nf8 19. Rad1 Bd7 20. Bc3 Be8 21. b4 b6 22.
b5 Ne7 23. Qb2 Neg6 24. g4 fxg4 25. hxg4 h6 26. Ne4 Ne6 27. Bg2 Rac8 28. Rf1
Bd7 29. Qf2 Rf8 30. Qg3 Ng5 31. Nxf6+ gxf6 32. Nh4 Nxh4 33. Qxh4 Kg7 34. Bd5
Rce8 35. Rd2 Bc8 36. Rh2 Rh8 37. Rhf2 Ref8 38. e4 Qe7 39. Bd2 Be6 40. Kg2 Qd7
41. Kg3 Bxd5 42. exd5 Qd6 43. Kg2 Qd7 44. Rf5 Qe7 45. Re1 Kg8 46. d4 cxd4 47.
Bb4 Qd8 48. Bxf8 Kxf8 49. Rexe5 Kg7 50. Re1 Qc8 51. Qf2 Qxc4 52. Qe2 Rc8 53.
Qe7+ Kg8 1-0

[Event "4.Nord-West-Cup"]
[Site "?"]
[Date "2002.??.??"]
[Round "5"]
[White "Roehl, Manfred"]
[Black "Keck, Martin"]
[Result "1-0"]
[WhiteElo "1688"]
[BlackElo "1555"]
[PlyCount "55"]

1. e4 e5 2. Nf3 Nc6 3. Bc4 Bc5 4. d3 h6 5. c3 Nf6 6. b4 Bb6 7. b5 Na5 8. Nxe5
O-O 9. Bb3 d5 10. exd5 Nxd5 11. O-O Nxc3 12. Nxc3 Qd4 13. Ng6 Nxb3 14. Ne7+ Kh8
15. Qxb3 Be6 16. Qc2 Qd7 17. Ba3 Rfe8 18. d4 c6 19. bxc6 bxc6 20. Rad1 Rxe7 21.
Bxe7 Qxe7 22. d5 Bg4 23. Rde1 Qc5 24. dxc6 Qxc6 25. Qe4 Rc8 26. Qxg4 Qxc3 27.
Qf4 f6 28. Rc1 1-0

[Event "4.Nord-West-Cup"]
[Site "?"]
[Date "2002.??.??"]
[Round "5"]
[White "Lichman, Peter"]
[Black "Issing, Peter"]
[Result "1-0"]
[WhiteElo "2091"]
[BlackElo "2253"]
[PlyCount "103"]

1. e4 e6 2. d4 d5 3. Nd2 Nc6 4. Ngf3 Nf6 5. Bd3 Nb4 6. O-O Nxd3 7. cxd3 Be7 8.
e5 Ng8 9. Nb3 b6 10. Be3 a5 11. Qc2 Bd7 12. Rfc1 Ra7 13. a4 Bf8 14. Nfd2 Qc8
15. Nb1 Ne7 16. Nc3 Qa6 17. Nd2 Nf5 18. Ndb1 Be7 19. Na3 c6 20. Qe2 O-O 21. g4
Nh4 22. f4 f5 23. h3 Ng6 24. Rf1 Rc7 25. Nc2 b5 26. Qd2 Qb6 27. Kh1 Rfc8 28.
gxf5 exf5 29. Qg2 b4 30. Ne2 Be6 31. Rg1 Kh8 32. Raf1 Rg8 33. Bf2 b3 34. Ne3
Qb4 35. Qf3 Qxa4 36. Qh5 Nf8 37. Bh4 g6 38. Qh6 Qb5 39. Rd1 Bxh4 40. Qxh4 Rgg7
41. Ng3 Kg8 42. Qd8 Qb4 43. Ngxf5 Rcd7 44. Nh6+ Kh8 45. Qf6 Bxh3 46. Rg3 Be6
47. f5 Bg8 48. e6 Rc7 49. Qe5 Nxe6 50. fxe6 Qe7 51. Nef5 gxf5 52. Nf7+ 1-0

[Event "4.Nord-West-Cup"]
[Site "?"]
[Date "2002.??.??"]
[Round "5"]
[White "Korba, Roman"]
[Black "Heinemann, Ernst"]
[Result "1/2-1/2"]
[WhiteElo "2061"]
[BlackElo "2217"]
[PlyCount "86"]

1. c4 e5 2. Nc3 Nf6 3. Nf3 e4 4. Ng5 b5 5. d3 exd3 6. exd3 h6 7. Nf3 b4 8. Ne2
d5 9. Bf4 Bd6 10. Bxd6 Qxd6 11. Ng3 O-O 12. Be2 d4 13. O-O c5 14. a3 Nc6 15.
Nd2 Rb8 16. Re1 Qc7 17. Bf3 Ne5 18. Nde4 Nxf3+ 19. Qxf3 Nxe4 20. Qxe4 bxa3 21.
bxa3 Bd7 22. Qe5 Qb6 23. Nh5 Qg6 24. Qxc5 Qxd3 25. Rad1 Rfe8 26. Rf1 Qf5 27.
Qxd4 Qxh5 28. Qxd7 Qc5 29. Qd5 Qxa3 30. c5 Qa5 31. Ra1 Qc7 32. Rfc1 Rbc8 33. c6
Re6 34. Ra6 Qf4 35. Qc5 Rc7 36. g3 Qf3 37. h4 Rce7 38. Qxe7 Rxe7 39. c7 Rxc7
40. Rxc7 Qd1+ 41. Kg2 Qd5+ 42. Kh2 Qd2 43. Kg2 Qd5+ 1/2-1/2

[Event "4.Nord-West-Cup"]
[Site "?"]
[Date "2002.??.??"]
[Round "5"]
[White "Muehlenhaus, Sven"]
[Black "Schmitz-Jordan, Juergen"]
[Result "1-0"]
[WhiteElo "2207"]
[BlackElo "2090"]
[PlyCount "53"]

1. d4 Nf6 2. Nf3 e6 3. c4 d5 4. Nc3 Be7 5. Bg5 c6 6. e3 Nbd7 7. Rc1 O-O 8. Bd3
dxc4 9. Bxc4 Nd5 10. Bxe7 Qxe7 11. O-O Nxc3 12. Rxc3 e5 13. Qc2 e4 14. Nd2 Nf6
15. Rb1 Bf5 16. b4 Rac8 17. b5 Rfd8 18. bxc6 Rxc6 19. Rb5 g6 20. Qb3 Rc7 21.
Bxf7+ Kg7 22. Rxc7 Qxc7 23. Rxb7 Qc1+ 24. Nf1 Kh6 25. Be6 Bg4 26. Bxg4 Nxg4 27.
Qf7 1-0

[Event "4.Nord-West-Cup"]
[Site "?"]
[Date "2002.??.??"]
[Round "5"]
[White "Pernutz, Hans-Gerhard"]
[Black "Krause, Thomas"]
[Result "0-1"]
[WhiteElo "2191"]
[BlackElo "2182"]
[PlyCount "58"]

1. e4 d5 2. exd5 Qxd5 3. Nc3 Qa5 4. d4 c6 5. Bc4 Bf5 6. Qe2 e6 7. Bd2 Nf6 8. d5
cxd5 9. Nxd5 Qd8 10. Nxf6+ Qxf6 11. Bc3 Qg6 12. f3 Nc6 13. O-O-O h5 14. Bb5 Be7
15. h4 Rc8 16. Nh3 O-O 17. g4 hxg4 18. fxg4 Bxg4 19. Rhg1 Bxe2 20. Rxg6 fxg6
21. Bxe2 Bxh4 22. Bg4 Rce8 23. Rd6 e5 24. b4 Rd8 25. Re6 Bf6 26. b5 Nd4 27.
Bxd4 Rxd4 28. Bf3 Kf7 29. c3 Rd3 0-1

[Event "4.Nord-West-Cup"]
[Site "?"]
[Date "2002.??.??"]
[Round "5"]
[White "van Linde, Paul"]
[Black "Margraf, Daniel"]
[Result "0-1"]
[WhiteElo "2181"]
[BlackElo "2039"]
[PlyCount "86"]

1. e4 d6 2. Bc4 Nf6 3. d3 c6 4. Bb3 Nbd7 5. f4 Nc5 6. Nf3 d5 7. e5 Ng4 8. h3
Nh6 9. g4 e6 10. Be3 Nxb3 11. axb3 c5 12. d4 b6 13. Nbd2 g6 14. Nf1 Ng8 15. Ng3
h5 16. gxh5 gxh5 17. h4 Nh6 18. f5 Nxf5 19. Nxf5 exf5 20. Bg5 Be7 21. Qd2 Be6
22. Rg1 Qc7 23. Bxe7 Qxe7 24. Qg5 Qxg5 25. Rxg5 a5 26. Kd2 Ke7 27. Rag1 a4 28.
bxa4 Rxa4 29. Rg8 Rxg8 30. Rxg8 f4 31. Rg1 Bg4 32. b3 Rb4 33. c3 Rxb3 34. Kc2
Ra3 35. Kb2 Ra8 36. Ng5 Be2 37. Rg2 f3 38. Rf2 cxd4 39. Nxf3 dxc3+ 40. Kxc3
Ra3+ 41. Kb4 Rxf3 42. Rxe2 Rf4+ 43. Kb5 Rxh4 0-1

[Event "4.Nord-West-Cup"]
[Site "?"]
[Date "2002.??.??"]
[Round "5"]
[White "Woeltge, Carsten"]
[Black "Zschischang, Gunnar"]
[Result "0-1"]
[WhiteElo "1899"]
[BlackElo "2208"]
[PlyCount "104"]

1. d4 Nc6 2. Nf3 d6 3. c4 g6 4. Nc3 Bg7 5. e4 e5 6. d5 Nce7 7. Be2 h6 8. O-O f5
9. Nd2 Nf6 10. f3 f4 11. b4 a5 12. bxa5 Rxa5 13. Nb3 Ra8 14. a4 O-O 15. Ba3 g5
16. g4 fxg3 17. hxg3 Qd7 18. Rf2 Qh3 19. Bf1 Qxg3+ 20. Rg2 Qh3 21. Rxg5 Qh4 22.
Rg2 Nh5 23. Raa2 Bh3 24. Rh2 Qg5+ 25. Bg2 Qe3+ 26. Rf2 Bxg2 27. Rhxg2 Nf4 28.
Qd2 Nxg2 29. Kxg2 Qxd2 30. Rxd2 Ng6 31. Kg3 h5 32. c5 h4+ 33. Kg2 Bh6 34. Rf2
Be3 35. Rf1 Rf6 36. cxd6 cxd6 37. a5 Bh6 38. Nb5 Bf8 39. Bc1 Rc8 40. Rf2 Nf4+
41. Bxf4 Rxf4 42. Kh2 Kf7 43. Kg2 Be7 44. Nd2 Rc5 45. Na7 Rxa5 46. Nc8 b5 47.
Nf1 Ra3 48. Nh2 Rc3 49. Nb6 Bd8 50. Nd7 Bc7 51. Ng4 Ke7 52. Ndf6 Rxf6 0-1

[Event "4.Nord-West-Cup"]
[Site "?"]
[Date "2002.??.??"]
[Round "5"]
[White "Mader, Sascha"]
[Black "Leiber, Bernhard"]
[Result "1-0"]
[WhiteElo "1881"]
[BlackElo "2204"]
[PlyCount "37"]

1. e4 c5 2. Nc3 Nc6 3. f4 e6 4. Nf3 Nge7 5. d3 d5 6. e5 b5 7. a3 b4 8. Ne2 Nf5
9. g4 Nfd4 10. Ng3 f6 11. Bg2 Be7 12. O-O O-O 13. Nxd4 cxd4 14. exf6 Rxf6 15.
f5 e5 16. g5 Rf8 17. Qh5 Rxf5 18. Rxf5 g6 19. Qh6 1-0

[Event "4.Nord-West-Cup"]
[Site "?"]
[Date "2002.??.??"]
[Round "5"]
[White "Wetjen, Siegfried"]
[Black "Olzem, Lothar"]
[Result "1/2-1/2"]
[WhiteElo "1894"]
[BlackElo "2185"]
[PlyCount "32"]

1. g3 e5 2. Bg2 d5 3. d3 c6 4. Nd2 Be6 5. e4 Bc5 6. Ngf3 f6 7. O-O Qd7 8. c3
dxe4 9. Nxe4 Na6 10. d4 O-O-O 11. Nxc5 Nxc5 12. Be3 Qf7 13. b4 Na6 14. Qc2 exd4
15. Nxd4 Bd7 16. a4 Nc7 1/2-1/2

[Event "4.Nord-West-Cup"]
[Site "?"]
[Date "2002.??.??"]
[Round "5"]
[White "Fjodorow, Peter"]
[Black "Schwarze, Hugo"]
[Result "1/2-1/2"]
[WhiteElo "2160"]
[BlackElo "1946"]
[PlyCount "61"]

1. e4 c5 2. Nf3 Nc6 3. d4 cxd4 4. Nxd4 g6 5. c4 Bg7 6. Be3 Nf6 7. Nc3 d6 8. Be2
Bd7 9. O-O a6 10. f3 O-O 11. Qd2 Qc7 12. Rac1 Rac8 13. b3 Rfd8 14. Kh1 Nxd4 15.
Bxd4 Qa5 16. Qe3 Re8 17. Bb6 Qh5 18. Rcd1 Bh6 19. Qg1 g5 20. Nd5 Qg6 21. Bd3
Nxd5 22. exd5 Bf5 23. Bxf5 Qxf5 24. Qf2 Bf8 25. Rfe1 e5 26. dxe6 fxe6 27. Bd4
b5 28. cxb5 axb5 29. Rc1 e5 30. Be3 h6 31. a4 1/2-1/2

[Event "4.Nord-West-Cup"]
[Site "?"]
[Date "2002.??.??"]
[Round "5"]
[White "Warns, Heiko"]
[Black "Fehsenfeld, Frithjof"]
[Result "1-0"]
[WhiteElo "2140"]
[BlackElo "1881"]
[PlyCount "73"]

1. e4 c6 2. c4 e6 3. d4 d5 4. exd5 exd5 5. cxd5 cxd5 6. Nf3 Nf6 7. Bb5+ Bd7 8.
Qe2+ Be7 9. Ne5 O-O 10. Nxd7 Nbxd7 11. O-O Re8 12. Nc3 Qc7 13. Qf3 a6 14. Bd3
Rad8 15. Be3 Nf8 16. Rfc1 Qd7 17. Rc2 Rc8 18. Rac1 Rc6 19. Bg5 Rd8 20. g3 h6
21. Be3 Ne6 22. Ne2 Rdc8 23. h4 Rxc2 24. Rxc2 Rxc2 25. Bxc2 Qc6 26. Bb3 Bd6 27.
Bxh6 Ne4 28. Be3 a5 29. Qf5 Nc7 30. Nf4 Bxf4 31. Bxf4 Nd6 32. Bxd6 Qxd6 33.
Qc8+ Kh7 34. Qxb7 g6 35. Qc8 f5 36. Ba4 Kh6 37. Qh8# 1-0

[Event "4.Nord-West-Cup"]
[Site "?"]
[Date "2002.??.??"]
[Round "5"]
[White "Schmidt, Oliver"]
[Black "Nedkov, Petar"]
[Result "0-1"]
[WhiteElo "2087"]
[BlackElo "1836"]
[PlyCount "39"]

1. e4 d5 2. exd5 Nf6 3. d4 e6 4. dxe6 Bxe6 5. Nf3 Bd6 6. Bd3 Nbd7 7. O-O c6 8.
Re1 Qc7 9. c4 O-O-O 10. Qa4 Kb8 11. c5 Bf4 12. b4 Bd5 13. Bxf4 Qxf4 14. Nbd2 g5
15. g3 Qg4 16. Re3 h5 17. Bf1 h4 18. Ra3 hxg3 19. fxg3 Rxh2 20. Nxh2 0-1

[Event "4.Nord-West-Cup"]
[Site "?"]
[Date "2002.??.??"]
[Round "5"]
[White "Langer, Wolfgang"]
[Black "Spittel, Olaf"]
[Result "1-0"]
[WhiteElo "2081"]
[BlackElo "1830"]
[PlyCount "65"]

1. Nf3 Nf6 2. g3 c5 3. Bg2 Nc6 4. d4 d5 5. c3 e6 6. O-O Bd6 7. e3 Ne4 8. b3 g5
9. Ba3 h5 10. Nfd2 f5 11. Nxe4 fxe4 12. Bxc5 g4 13. Bxd6 Qxd6 14. Qe2 Bd7 15.
Nd2 O-O-O 16. a3 Rdg8 17. c4 h4 18. Rfc1 hxg3 19. fxg3 Kb8 20. b4 Qf8 21. Rab1
Ne7 22. b5 Nf5 23. c5 Qh6 24. Nf1 Rg5 25. c6 Bc8 26. Qf2 e5 27. dxe5 Rh5 28.
Bh1 Rh3 29. Rc2 Rf8 30. Qe1 Rh8 31. Rbb2 Qg7 32. Qc3 Rd8 33. c7+ 1-0

[Event "4.Nord-West-Cup"]
[Site "?"]
[Date "2002.??.??"]
[Round "5"]
[White "Eickhoff, Hermann"]
[Black "Gorman, Stephen"]
[Result "1-0"]
[WhiteElo "2074"]
[BlackElo "1829"]
[PlyCount "69"]

1. e4 e6 2. d4 d5 3. Nc3 Bb4 4. exd5 exd5 5. Bd3 Nc6 6. Nf3 Nge7 7. O-O Bxc3 8.
bxc3 Bf5 9. Re1 O-O 10. Bg5 f6 11. Bf4 Qd7 12. Rb1 b6 13. Bb5 a6 14. Rxe7 Qxe7
15. Bxc6 Rad8 16. Bb7 Qa3 17. Qd2 Qxa2 18. Re1 Be4 19. h4 Qa4 20. Qe2 a5 21.
Nd2 Bg6 22. Qe6+ Bf7 23. Qc6 Qxc2 24. Qxc7 a4 25. Re7 Rde8 26. Rxf7 Qd1+ 27.
Kh2 Rxf7 28. Bxd5 Qh5 29. Bxf7+ Qxf7 30. Qxf7+ Kxf7 31. Bd6 Re2 32. Nc4 Re6 33.
Bb4 f5 34. d5 Re4 35. Nd6+ 1-0

[Event "4.Nord-West-Cup"]
[Site "?"]
[Date "2002.??.??"]
[Round "5"]
[White "Boehme, Arne"]
[Black "Wahrenberg, Ralf"]
[Result "0-1"]
[WhiteElo "1828"]
[BlackElo "2069"]
[PlyCount "54"]

1. e4 e5 2. Nf3 Nc6 3. Bb5 a6 4. Ba4 Nf6 5. O-O Nxe4 6. d4 b5 7. Bb3 d5 8. dxe5
Be6 9. c3 Bc5 10. Nbd2 O-O 11. Bc2 Nxf2 12. Rxf2 f6 13. exf6 Bxf2+ 14. Kxf2
Qxf6 15. Kg1 Rae8 16. Qf1 Qe7 17. Nb3 Ne5 18. Qe2 Nxf3+ 19. gxf3 Qf7 20. Qd3
Qh5 21. Bd1 Rf6 22. f4 Rg6+ 23. Kh1 Qh4 24. Bd2 Rh6 25. Qe2 Bd7 26. Qg2 Rg6 27.
Qf3 Re1+ 0-1

[Event "4.Nord-West-Cup"]
[Site "?"]
[Date "2002.??.??"]
[Round "5"]
[White "Zotin, Vladimir"]
[Black "Kuenitz, Klaus"]
[Result "1-0"]
[WhiteElo "1797"]
[BlackElo "2068"]
[PlyCount "95"]

1. e4 e6 2. d4 d5 3. Bd3 c5 4. c3 dxe4 5. Bxe4 Nc6 6. Nf3 Nf6 7. Bxc6+ bxc6 8.
O-O cxd4 9. Nxd4 Qc7 10. Qf3 Bb7 11. Qg3 Qb6 12. Re1 g6 13. Na3 Ba6 14. Qe5 Be7
15. Bg5 O-O 16. Bxf6 Bxf6 17. Qxf6 Qxb2 18. Nxc6 h5 19. Rab1 Qxa3 20. Ne7+ Kh7
21. Rxe6 Bd3 22. Ree1 Bxb1 23. Rxb1 Qxa2 24. Rf1 Qe6 25. Qg5 Rfd8 26. c4 Rd4
27. Nd5 Rxc4 28. Nf6+ Kg7 29. Nxh5+ Kf8 30. Qh6+ Ke7 31. Qg5+ Kd6 32. Rd1+ Kc6
33. Nf4 Qf5 34. Qe7 Qxf4 35. g3 Qc7 36. Qf6+ Kb7 37. Rb1+ Kc8 38. Qa6+ Kd8 39.
Qf6+ Kc8 40. Qa6+ Kd7 41. Rb7 Ke8 42. Rxc7 Rxc7 43. Qd6 Rac8 44. Qe5+ Re7 45.
Qh8+ Kd7 46. Qd4+ Kc6 47. Qc4+ Kb7 48. Qb4+ 1-0

[Event "4.Nord-West-Cup"]
[Site "?"]
[Date "2002.??.??"]
[Round "5"]
[White "Weller, Friedhelm"]
[Black "Lammers, Markus"]
[Result "0-1"]
[WhiteElo "1771"]
[BlackElo "2063"]
[PlyCount "111"]

1. e4 c5 2. Nc3 e6 3. d3 Nc6 4. Nf3 Nf6 5. Be2 d5 6. exd5 exd5 7. Bg5 Be7 8. d4
cxd4 9. Nxd4 O-O 10. O-O Re8 11. Bf3 Be6 12. Nce2 Qb6 13. Rb1 Rad8 14. c3 a6
15. Re1 Ng4 16. Bxe7 Rxe7 17. h3 Nge5 18. Nf4 Nxd4 19. Rxe5 Nxf3+ 20. Qxf3 d4
21. Nxe6 Rxe6 22. Rxe6 Qxe6 23. cxd4 Qxa2 24. Qd3 h6 25. b3 Rxd4 26. Qf1 Rd2
27. Rd1 Qc2 28. Rxd2 Qxd2 29. Qc4 Qd1+ 30. Kh2 Qd6+ 31. g3 Qc6 32. Qd4 b5 33.
Kg1 Qe6 34. Qd8+ Kh7 35. Qd3+ g6 36. h4 h5 37. Qc3 a5 38. Qxa5 Qxb3 39. Qc7 b4
40. Kh2 Qd5 41. Qc2 b3 42. Qc3 Qb7 43. Qb2 Qb4 44. Kg2 Qe4+ 45. Kf1 Qd3+ 46.
Ke1 Kg8 47. Qc1 Qe4+ 48. Kd1 Qd3+ 49. Ke1 Qd4 50. Qd2 Qe4+ 51. Kd1 Qb1+ 52. Ke2
b2 53. Qd8+ Kh7 54. Qf6 Qe4+ 55. Kd2 Qb4+ 56. Ke3 0-1

[Event "4.Nord-West-Cup"]
[Site "?"]
[Date "2002.??.??"]
[Round "5"]
[White "Hank, Holger"]
[Black "Mengler, Marc"]
[Result "1/2-1/2"]
[WhiteElo "2054"]
[BlackElo "1768"]
[PlyCount "59"]

1. c4 e6 2. g3 c5 3. Bg2 d5 4. Nf3 Nc6 5. O-O Nf6 6. a3 Be7 7. Qc2 O-O 8. d3
Re8 9. b3 Bf8 10. Nbd2 d4 11. e4 e5 12. Rb1 Nh5 13. Qd1 g6 14. Ne1 Qc7 15. Nc2
Be6 16. b4 b6 17. Nf3 h6 18. Nh4 Qd8 19. Nf3 Qc7 20. Kh1 Kh7 21. Ng1 Rac8 22.
f4 exf4 23. gxf4 f5 24. e5 cxb4 25. axb4 b5 26. cxb5 Nxe5 27. Nxd4 Ng4 28. Bc6
Qd8 29. Ngf3 Bd5 30. Bxd5 1/2-1/2

[Event "4.Nord-West-Cup"]
[Site "?"]
[Date "2002.??.??"]
[Round "5"]
[White "Haase, Sven"]
[Black "Gudat, Alfons"]
[Result "0-1"]
[WhiteElo "1760"]
[BlackElo "2032"]
[PlyCount "82"]

1. e4 c5 2. Nc3 Nc6 3. g3 g6 4. Bg2 Bg7 5. f4 d6 6. Nf3 Nf6 7. d3 O-O 8. O-O
Rb8 9. Ne2 e5 10. c3 b6 11. h3 Ba6 12. Qc2 Nd7 13. f5 gxf5 14. exf5 d5 15. Ng5
Nf6 16. h4 Qd6 17. Bd2 Ne7 18. Rae1 Rbd8 19. Bh3 Qd7 20. Nf3 Nc6 21. Nc1 e4 22.
Nh2 Ne5 23. d4 Bxf1 24. Rxf1 cxd4 25. cxd4 Rc8 26. Qd1 Nc4 27. Bf4 Nxb2 28. Qe2
Nc4 29. g4 Ne8 30. g5 Bxd4+ 31. Kh1 Be5 32. Ng4 Bxf4 33. Rxf4 Kh8 34. f6 Qc7
35. Rf2 Qg3 36. Rh2 Ne5 37. Nb3 Nf3 38. Qe3 Rc3 39. Qf2 Qc7 40. Qb2 Nxh2 41.
Nxh2 Rc2 0-1

[Event "4.Nord-West-Cup"]
[Site "?"]
[Date "2002.??.??"]
[Round "5"]
[White "Boos, Hanspeter"]
[Black "Brandes, Stephan"]
[Result "0-1"]
[WhiteElo "1585"]
[BlackElo "2068"]
[PlyCount "76"]

1. e4 c5 2. Nc3 e6 3. f4 d5 4. Bb5+ Bd7 5. exd5 exd5 6. Qe2+ Be7 7. Nxd5 Nc6 8.
Nf3 Nf6 9. Nxf6+ gxf6 10. Bxc6 Bxc6 11. d3 Qc7 12. Bd2 O-O-O 13. O-O-O Bd6 14.
g3 Rhe8 15. Qf2 Bd5 16. Kb1 Qc6 17. Rhf1 Bxf3 18. Qxf3 Qxf3 19. Rxf3 Re2 20.
Re3 Rxh2 21. Bc3 Rh6 22. d4 cxd4 23. Bxd4 Bxf4 24. Rc3+ Bc7 25. Kc1 b6 26. Be3
Rxd1+ 27. Kxd1 Rh1+ 28. Ke2 Kd7 29. Bd4 Be5 30. Rd3 Ke6 31. Re3 Rh2+ 32. Kd3
Rg2 33. c4 Rxg3 34. Rxg3 Bxg3 35. a4 Be5 36. b4 Bxd4 37. Kxd4 h5 38. c5 bxc5+
0-1

[Event "4.Nord-West-Cup"]
[Site "?"]
[Date "2002.??.??"]
[Round "5"]
[White "da Costa, Martin"]
[Black "Jenisch, Achim"]
[Result "1-0"]
[WhiteElo "2030"]
[BlackElo "1601"]
[PlyCount "57"]

1. Nf3 d5 2. g3 Nf6 3. Bg2 Bg4 4. Ne5 Nbd7 5. Nxg4 Nxg4 6. e4 Ngf6 7. exd5 Nb6
8. c4 Qd7 9. b3 e6 10. Qe2 O-O-O 11. dxe6 Qd4 12. Nc3 Re8 13. O-O Rxe6 14. Bh3
Bc5 15. Bxe6+ fxe6 16. Bb2 Rf8 17. Na4 Qd6 18. Nxc5 Qxc5 19. Qxe6+ Nbd7 20.
Bxf6 gxf6 21. d4 Qh5 22. Rae1 b6 23. Re3 Qg5 24. Rfe1 h5 25. h4 Qg6 26. c5 bxc5
27. dxc5 Qf7 28. Qa6+ Kb8 29. Re7 1-0

[Event "4.Nord-West-Cup"]
[Site "?"]
[Date "2002.??.??"]
[Round "5"]
[White "Krause, Klaus"]
[Black "Frerichs, Manfred"]
[Result "1-0"]
[WhiteElo "2029"]
[BlackElo "1457"]
[PlyCount "67"]

1. e4 c5 2. Nf3 Nc6 3. d4 cxd4 4. Nxd4 Nf6 5. Nc3 e5 6. Nb3 Bb4 7. Bd3 Bxc3+ 8.
bxc3 d6 9. O-O Be6 10. Qe2 a6 11. a4 O-O 12. Ba3 Qd7 13. Rfd1 Ne8 14. Rab1 Bxb3
15. cxb3 Rc8 16. Bc2 Nd8 17. Qe3 Ne6 18. g3 Qc6 19. Bb4 b6 20. Bd3 Qb7 21. Bc4
Nc5 22. f3 a5 23. Ba3 Qa7 24. Bb5 Qc7 25. b4 Nb7 26. Rbc1 h6 27. Ba6 Rd8 28.
Rb1 axb4 29. cxb4 f5 30. Rbc1 Qd7 31. exf5 Rxf5 32. Qxb6 Rb8 33. Bb5 Qf7 34.
Bc4 1-0

[Event "4.Nord-West-Cup"]
[Site "?"]
[Date "2002.??.??"]
[Round "5"]
[White "Campe, Uwe"]
[Black "Lorenzen, Bjoern"]
[Result "1/2-1/2"]
[WhiteElo "1766"]
[BlackElo "1983"]
[PlyCount "40"]

1. d4 d5 2. c4 e6 3. Nc3 f5 4. Nf3 Nf6 5. Bf4 c6 6. e3 Be7 7. Bd3 O-O 8. O-O
Ne4 9. Bxe4 fxe4 10. Ne5 Nd7 11. f3 Nxe5 12. Bxe5 exf3 13. Rxf3 Bd7 14. Rxf8+
Qxf8 15. Qe2 Qf7 16. Rf1 Qg6 17. Rf3 Bf8 18. Rg3 Qf7 19. Rf3 Qe7 20. c5 Qd8
1/2-1/2

[Event "4.Nord-West-Cup"]
[Site "?"]
[Date "2002.??.??"]
[Round "5"]
[White "Wichelmann, Martin"]
[Black "Roehl, Bernd"]
[Result "1-0"]
[WhiteElo "1975"]
[BlackElo "1755"]
[PlyCount "35"]

1. e4 c6 2. d4 d5 3. exd5 cxd5 4. c4 Nf6 5. Nc3 e6 6. Nf3 dxc4 7. Bxc4 Bb4 8.
O-O Bxc3 9. bxc3 O-O 10. Bg5 a6 11. Ne5 b5 12. Bd3 Bb7 13. Bc2 h6 14. Bh4 g5
15. Bg3 Ne4 16. Qh5 Kg7 17. Ng4 Rh8 18. Bxe4 1-0

[Event "4.Nord-West-Cup"]
[Site "?"]
[Date "2002.??.??"]
[Round "5"]
[White "Walter, Stefan"]
[Black "Eden, Wilke"]
[Result "1-0"]
[WhiteElo "1943"]
[BlackElo "1673"]
[PlyCount "71"]

1. d4 d5 2. c4 e6 3. Nc3 Nf6 4. Bg5 Be7 5. e3 h6 6. Bh4 O-O 7. Nf3 c5 8. dxc5
Nbd7 9. cxd5 Nxd5 10. Bxe7 Nxe7 11. Bc4 Qc7 12. b4 b6 13. Nb5 Qc6 14. Qd6 Qe4
15. Qd4 Qxd4 16. exd4 Bb7 17. O-O-O Bxf3 18. gxf3 Nc6 19. Nc7 Rac8 20. Na6 Nf6
21. Kb2 Rfd8 22. Kc3 Ne7 23. b5 Nfd5+ 24. Bxd5 Nxd5+ 25. Kc4 bxc5 26. dxc5 Nb6+
27. Kb3 Nd5 28. Rd4 Kf8 29. Rhd1 Ke7 30. a4 Rd7 31. c6 Rd6 32. a5 Rcd8 33. Kc4
Rc8 34. Kc5 g5 35. Nb4 Rcd8 36. Nxd5+ 1-0

[Event "4.Nord-West-Cup"]
[Site "?"]
[Date "2002.??.??"]
[Round "5"]
[White "Kohlmann, Christian"]
[Black "Wichmann, Ralph"]
[Result "0-1"]
[WhiteElo "1386"]
[BlackElo "1914"]
[PlyCount "92"]

1. d4 Nf6 2. c4 g6 3. Nc3 Bg7 4. Nf3 O-O 5. e4 d6 6. Be3 Nbd7 7. Be2 e5 8. d5
b6 9. O-O Nc5 10. Nd2 a5 11. a3 Ne8 12. b4 Nd7 13. Nb3 f5 14. f3 f4 15. Bf2
Ndf6 16. c5 bxc5 17. bxc5 Rf7 18. c6 h5 19. a4 g5 20. Nb5 g4 21. Na7 g3 22.
hxg3 fxg3 23. Bxg3 Rxa7 24. Qe1 Bh6 25. Nxa5 Rg7 26. Kh2 Bf4 27. Bxf4 exf4 28.
Nb3 Nh7 29. a5 Rg3 30. Rh1 Qg5 31. Qf2 Ra8 32. Kg1 Nf8 33. a6 Ng6 34. Kf1 h4
35. a7 h3 36. gxh3 Bxh3+ 37. Ke1 Nh4 38. Nd2 Ng2+ 39. Kd1 Ne3+ 40. Kc1 Qe5 41.
Ra3 Qd4 42. Rg1 Rxg1+ 43. Qxg1+ Ng7 44. Qh2 Qc5+ 45. Kb2 Qc2+ 46. Ka1 Qc1+ 0-1

[Event "4.Nord-West-Cup"]
[Site "?"]
[Date "2002.??.??"]
[Round "5"]
[White "Belilowski, Alexander"]
[Black "Hoffmann, Ulrich"]
[Result "0-1"]
[WhiteElo "1750"]
[BlackElo "2109"]
[PlyCount "86"]

1. c4 c5 2. Nc3 Nc6 3. e4 g6 4. d3 Bg7 5. Nf3 e5 6. Bg5 f6 7. Be3 Nge7 8. Qd2
d6 9. Be2 O-O 10. h4 Bg4 11. Nh2 Bxe2 12. Qxe2 Nd4 13. Bxd4 cxd4 14. Nd5 Nxd5
15. cxd5 Qa5+ 16. Kf1 f5 17. g3 fxe4 18. dxe4 Rf7 19. Kg2 Raf8 20. Rhf1 Qb6 21.
Rab1 d3 22. Qd2 Qd4 23. f3 Rc8 24. Rbc1 Rfc7 25. Rxc7 Rxc7 26. Rc1 Bh6 27. f4
Qxe4+ 28. Kh3 Rxc1 29. Qxc1 Qf5+ 30. Kg2 exf4 31. Nf3 Qg4 32. Ng5 Bxg5 33. hxg5
Qxg3+ 34. Kh1 Qh3+ 35. Kg1 Qe3+ 36. Qxe3 fxe3 37. Kf1 Kg7 38. b4 h6 39. a4 hxg5
40. b5 b6 41. Ke1 g4 42. a5 g3 43. axb6 g2 0-1

[Event "4.Nord-West-Cup"]
[Site "?"]
[Date "2002.??.??"]
[Round "5"]
[White "Jans, Michael"]
[Black "Segelken, Peter"]
[Result "1-0"]
[WhiteElo "2028"]
[BlackElo "1656"]
[PlyCount "53"]

1. e4 d5 2. exd5 e6 3. Bb5+ Bd7 4. dxe6 Qe7 5. Bxd7+ Nxd7 6. Qe2 Nc5 7. exf7+
Kxf7 8. Qxe7+ Bxe7 9. Nf3 Bf6 10. O-O Nh6 11. d4 Na4 12. b3 Nb6 13. Bb2 Rhe8
14. Na3 Re7 15. Rfe1 Rae8 16. Kf1 Rxe1+ 17. Rxe1 Rxe1+ 18. Kxe1 Nd5 19. h3 c5
20. Nc4 Ke6 21. dxc5 Bxb2 22. Nxb2 Nb4 23. c3 Nd5 24. Nd4+ Ke5 25. Kd2 Nf4 26.
Nd3+ Nxd3 27. Kxd3 1-0

[Event "4.Nord-West-Cup"]
[Site "?"]
[Date "2002.??.??"]
[Round "5"]
[White "Kerski, Bjoern-Ole"]
[Black "Christophers, Reinhard"]
[Result "1/2-1/2"]
[WhiteElo "1885"]
[BlackElo "1603"]
[PlyCount "72"]

1. d4 Nf6 2. c4 e6 3. Nc3 c5 4. e3 b6 5. Nf3 d6 6. Be2 Be7 7. O-O O-O 8. b3
Nbd7 9. Bb2 Bb7 10. Qc2 a6 11. Rad1 Qc7 12. e4 cxd4 13. Nxd4 Nc5 14. Bf3 e5 15.
Nf5 Ne6 16. g3 Rfd8 17. Qe2 Bf8 18. Nd5 Bxd5 19. cxd5 Nc5 20. Rc1 Qb8 21. Bg2
g6 22. Nh4 Bg7 23. f4 Nfd7 24. Rce1 a5 25. Nf3 Re8 26. Qc2 Qb7 27. Nd2 Rac8 28.
Qb1 b5 29. Rc1 Qa7 30. Kh1 f6 31. Rf3 Rc7 32. Bf1 Qb7 33. Bd3 Rec8 34. Rff1
Nxd3 35. Qxd3 Nc5 36. Qe2 f5 1/2-1/2

[Event "4.Nord-West-Cup"]
[Site "?"]
[Date "2002.??.??"]
[Round "5"]
[White "van der Veen, Anne"]
[Black "Juergens, Bernhard"]
[Result "0-1"]
[WhiteElo "1600"]
[BlackElo "1849"]
[PlyCount "68"]

1. e4 e6 2. Qe2 c5 3. g3 Nc6 4. Nf3 Be7 5. Bg2 Nf6 6. c3 d5 7. d3 O-O 8. O-O b5
9. Re1 c4 10. dxc4 dxc4 11. a4 Ba6 12. axb5 Bxb5 13. Na3 Bxa3 14. Rxa3 a6 15.
Bg5 e5 16. Rd1 Qe7 17. Bh3 h6 18. Rd7 Qxa3 19. bxa3 hxg5 20. Nxg5 Nxd7 21. Bxd7
g6 22. Bxc6 Bxc6 23. Qg4 Kg7 24. f4 exf4 25. Qxf4 Rae8 26. e5 Bd5 27. Qf6+ Kg8
28. h4 Rb8 29. Kf2 Rb1 30. Ke3 Rfb8 31. Kd4 Rd1+ 32. Kc5 Rb5+ 33. Kd6 Rb6+ 34.
Kc7 Rxf6 0-1

[Event "4.Nord-West-Cup"]
[Site "?"]
[Date "2002.??.??"]
[Round "5"]
[White "Niemann, Heinrich"]
[Black "Muders, Martin"]
[Result "0-1"]
[WhiteElo "1590"]
[BlackElo "1820"]
[PlyCount "42"]

1. e4 g6 2. Bc4 Bg7 3. Nc3 d6 4. d3 c5 5. Nf3 Nc6 6. a4 Nf6 7. Bg5 h6 8. Be3
Ng4 9. Bd2 a6 10. h3 Nf6 11. O-O e6 12. Qc1 g5 13. Nh2 d5 14. exd5 exd5 15. Ba2
Nd4 16. Re1+ Be6 17. Ne2 Nf5 18. f4 Nh7 19. fxg5 hxg5 20. Nc3 Bd4+ 21. Kh1 Ng3#
0-1